FUNCTIONS AND CHANGE A MODELING APPROACH TO COLLEGE ALGEBRA / (Record no. 617164)

000 -LEADER
fixed length control field 00409nam a22001457a 4500
020 ## - INTERNATIONAL STANDARD BOOK NUMBER
Qualifying information PB.
040 ## - CATALOGING SOURCE
Transcribing agency FIZZA ISHAQ
082 ## - DEWEY DECIMAL CLASSIFICATION NUMBER
Classification number 512.9
Author Mark BRU
100 ## - MAIN ENTRY--PERSONAL NAME
Personal name CRAUDER,BRUCE.
9 (RLIN) 134193
245 ## - TITLE STATEMENT
Title FUNCTIONS AND CHANGE A MODELING APPROACH TO COLLEGE ALGEBRA /
Statement of responsibility, etc. BRUCE CRAUDER.
250 ## - EDITION STATEMENT
Edition statement 3rd ED.
260 ## - PUBLICATION, DISTRIBUTION, ETC.
Place of publication, distribution, etc. NEW YORK ;
Name of publisher, distributor, etc. HOUGHTON MIFFLIN COMPANY,
Date of publication, distribution, etc. 2007.
300 ## - PHYSICAL DESCRIPTION
Extent 377 P. ;
Dimensions 10X7.9IN
942 ## - ADDED ENTRY ELEMENTS (KOHA)
Source of classification or shelving scheme
Koha item type Book
Holdings
Withdrawn status Lost status Source of classification or shelving scheme Damaged status Not for loan Permanent Location Current Location Shelving location Date acquired Total Checkouts Full call number Barcode Date last seen Price effective from Koha item type
          NUST Baluchistan Campus (NBC) NUST Baluchistan Campus (NBC) Text Books 04/17/2026   512.9 BRU QD-379 04/17/2026 04/17/2026 Book
© 2023 Central Library, National University of Sciences and Technology. All Rights Reserved.